000 01351cam a2200349 a 4500
999 _c8240
_d8240
001 14390260
003 GZU
005 20210518093015.0
008 060525s2005 enka 000 0 eng
010 _a 2006276936
020 _a9780521618755
040 _aDLC
_cDLC
_dDLC
050 0 0 _aPR2825
_b.MER 2005
100 1 _aShakespeare, William,
_d1564-1616.
245 1 4 _aThe merchant of Venice /
_cedited by Jonathan Morris and Robert Smith.
250 _a2nd ed.
260 _aCambridge, UK ;
_aNew York :
_bCambridge University Press,
_c2005.
300 _axii, 196 p. :
_bill. (some col.) ;
_c23 cm.
490 0 _aCambridge school Shakespeare
600 1 0 _aShakespeare, William,
_d1564-1616.
_tMerchant of Venice
_vProblems, exercises, etc.
650 0 _aYoung adult drama, English.
650 0 _aJews
_zItaly
_vDrama.
650 0 _aMoneylenders
_vDrama.
651 0 _aVenice (Italy)
_vDrama.
700 1 _aMorris, Jonathan,
_d1954-
700 1 _aSmith, Robert,
_d1954 April 24-
856 4 2 _3Publisher description
_uhttp://www.loc.gov/catdir/enhancements/fy0661/2006276936-d.html
856 4 1 _3Table of contents only
_uhttp://www.loc.gov/catdir/enhancements/fy0661/2006276936-t.html
906 _a7
_bcbc
_corigcop
_d2
_encip
_f20
_gy-gencatlg
942 _2lcc
_cBK
_h2807
_iMER
_kPR